Kalendárium pre odpady zo záhrad, sadov a vinohradov jún 2014 (23. až 27. týždeň)

Aktuálne agrotechnické úkony (možnosti využitia vzniknutého bioodpadu) v okrasnej záhrade, ovocnej záhrade, vinohrade a v zeleninovej záhrade.

Gespeichert in:
Bibliographische Detailangaben
1. Verfasser: Sudzina, Marián
Weitere Verfasser: Rovná, Katarína, Stričík, Michal, 1969-
Format: Buchkapitel
Sprache:Slowakisch
Schlagworte:
Tags: Tag hinzufügen
Keine Tags, Fügen Sie das erste Tag hinzu!

MARC

LEADER 00000naa a2200000 4500
001 0194261
005 20240502073243.0
041 0 |a slo 
044 |a SK 
245 1 0 |a Kalendárium pre odpady zo záhrad, sadov a vinohradov jún 2014 (23. až 27. týždeň)  |c Marián Sudzina, Katarína Rovná, Michal Stričík 
520 |a Aktuálne agrotechnické úkony (možnosti využitia vzniknutého bioodpadu) v okrasnej záhrade, ovocnej záhrade, vinohrade a v zeleninovej záhrade. 
610 2 0 |a odpad 
610 2 0 |a ekológia 
610 2 0 |a ovocie 
610 2 0 |a zelenina 
610 2 0 |a vinohradníctvo 
610 2 0 |a poľnohospodárstvo 
100 1 |a Sudzina, Marián 
700 1 |a Rovná, Katarína 
700 1 |a Stričík, Michal, 1969-